[Event "VII TCh-RUS w"]
[Site "Sochi RUS"]
[Date "2006.04.21"]
[Round "2"]
[White "Sirotkina,N"]
[Black "Korbut,E"]
[Result "0-1"]
[WhiteElo "2277"]
[BlackElo "2442"]

1.Nf3 d5 2.g3 Bg4 3.Bg2 Nd7 4.c4 e6 5.cxd5 exd5 6.O-O Ngf6 7.d3 Bc5 8.Qc2 O-O
9.b3 Re8 10.Bb2 c6 11.Nc3 Qe7 12.Rae1 d4 13.Nb1 Bb4 14.Nbd2 c5 15.e4 Nb6
16.h3 Bd7 17.Rc1 Rac8 18.Rfd1 Rc6 19.Nf1 Nh5 20.N3h2 g5 21.Qe2 Ng7 22.Rc2 Qd8
23.a3 Ba5 24.b4 cxb4 25.axb4 Bxb4 26.Rxc6 Bxc6 27.Nf3 Bc3 28.Bxc3 dxc3 29.Rc1 Na4
30.Qe3 h6 31.Nd4 Qd7 32.Nxc6 bxc6 33.Ra1 c5 34.Qc1 Ne6 35.Kh2 Qd4 36.Qc2 Nb2
37.Ra3 Nxd3 38.Qxc3 Qxc3 39.Rxc3 Nxf2 40.Rc2 Nd3 41.Ne3 Rb8 42.Bf1 Ne5 43.Ra2 Rb7
44.Kg2 Nd4 45.Nc4 Nxc4 46.Bxc4 Rc7 47.Kf2 Nc6 48.Ke3 Kg7 49.Ra1 Ne5 50.Bd5 Nd7
51.Kd3 Nb6 52.Kc3 f5 53.Rf1 fxe4 54.Bxe4 Re7 55.Kd3 Rd7+ 56.Kc2 Rd4 57.Bf5 Rc4+
58.Kd2 Rd4+ 59.Kc2 Nd5 60.Re1 a5 61.Re6 a4 62.g4 Nb4+ 63.Kb2 Rd2+ 64.Kc3 Rh2
65.Rg6+ Kf8 66.Rxh6 a3 67.Rh8+ Ke7 68.Ra8 a2 69.Kc4 Rh1 70.Kxc5 a1=Q 71.Rxa1 Rxa1
72.Kxb4 Rc1 73.Kb3 Kd6 74.Kb2 Rc7 75.Bc2 Ke5 76.Kc1 Rd7 77.Bf5 Rd6 78.Kc2 Kf4
79.Bd3 Kg3 80.Bf1 Kf2 81.Bd3 Kg2 82.Be4+ Kxh3 83.Bf5 Kg3 84.Kc3 Kf4 85.Kc2 Ke3
86.Kc1 Kf3 87.Kc2 Rd4 88.Kc3 Rxg4  0-1

[Event "VII TCh-RUS w"]
[Site "Sochi RUS"]
[Date "2006.04.21"]
[Round "2"]
[White "Kovalevskaya,E"]
[Black "Solovjova,V"]
[Result "1-0"]
[WhiteElo "2460"]
[BlackElo "2265"]

1.Nf3 d5 2.g3 Bg4 3.Bg2 Nd7 4.O-O e6 5.d3 Bd6 6.Nbd2 c6 7.e4 Ne7 8.Qe1 O-O
9.Nh4 e5 10.f4 exf4 11.gxf4 f5 12.e5 Bc5+ 13.Kh1 Re8 14.Qg3 Nf8 15.Bf3 Bxf3+
16.Ndxf3 Qd7 17.d4 Bb6 18.Be3 Neg6 19.Rg1 Bd8 20.Nxg6 Nxg6 21.Rg2 Rc8 22.Rag1 Rc7
23.h4 Nf8 24.Qh3 Qe6 25.h5 Rf7 26.Bf2 Qd7 27.h6 g6 28.Bh4 Bxh4 29.Qxh4 Ne6
30.c3 Kh8 31.Qh2 Qc7 32.Nh4 Nf8 33.Re2 Qd7 34.Qg3 Qc8 35.b3 Qd7 36.Rd2 Rc8
37.Qe3 Re8 38.c4 Qd8 39.Nf3 Ne6 40.c5 Qd7 41.Rh2 Rg8 42.b4 a6 43.a4 Ra8 44.Rb2 Rff8
45.Qd2 Rfb8 46.Rc1 Qe8 47.Qh2 Qd7 48.Qh4 Kg8 49.Rg1 Qd8 50.Ng5 Qe7 51.Qf2 Nxg5
52.fxg5 Rf8 53.Qf4 Qc7 54.Kg2 Rfe8 55.Rgb1 Rec8 56.Kg3 Re8 57.Kh4 Rec8 58.b5 axb5
59.axb5 Rcb8 60.Qe3 Qc8 61.Qb3 Ra5 62.bxc6 Qxc6 63.Qb6 Qxb6 64.Rxb6 Ra4 65.R1b4 Rba8
66.Rxb7 Ra1 67.e6 Re8 68.Rg7+ Kf8 69.Rxh7  1-0

[Event "Master Open"]
[Site "Cutro ITA"]
[Date "2006.04.23"]
[Round "1"]
[White "Drasko,M"]
[Black "Voiska,M"]
[Result "1-0"]
[WhiteElo "2504"]
[BlackElo "2314"]

1.Nf3 d5 2.g3 Nf6 3.Bg2 e6 4.O-O Be7 5.c4 Nbd7 6.b3 a5 7.Nc3 Nc5 8.d3 c6
9.Qc2 O-O 10.Rd1 Bd7 11.e4 b5 12.e5 Ne8 13.Be3 Na6 14.h4 Nec7 15.Ne2 a4 16.c5 f6
17.d4 Be8 18.Nf4 Nb8 19.Bh3 Bf7 20.exf6 gxf6 21.Qe2 Re8 22.Nd3 Bf8 23.Bf4 Nba6
24.Qe3 Bg6 25.Rac1 Ra7 26.Rd2 Qd7 27.Nfe1 Qf7 28.Bd6 Bg7 29.g4 e5 30.dxe5 fxe5
31.Nxe5 Bxe5 32.Bxe5 Qe7 33.Nf3 Be4 34.Bd6 Qg7 35.Qc3 Qxc3 36.Rxc3 axb3 37.axb3 Nb4
38.Ng5 Ra1+  1-0

[Event "VII TCh-RUS w"]
[Site "Sochi RUS"]
[Date "2006.04.23"]
[Round "4"]
[White "Kharashuta,E"]
[Black "Dolgova,O"]
[Result "0-1"]
[WhiteElo "2171"]
[BlackElo "2219"]

1.Nf3 d5 2.g3 Nf6 3.Bg2 c6 4.c4 Bf5 5.cxd5 cxd5 6.Nc3 Nc6 7.Qb3 Na5 8.Qb5+ Bd7
9.Qd3 e6 10.Ne5 Bd6 11.Nxd7 Qxd7 12.O-O Nc6 13.a3 O-O 14.b4 Rac8 15.f4 Ne7
16.Nb5 Rc4 17.Nxd6 Qxd6 18.Bb2 Rfc8 19.e3 Ne4 20.Bd4 f5 21.Rad1 Nc6 22.Ba1 Nd8
23.Qb3 Rc2 24.Bxe4 dxe4 25.Bc3 Qd3 26.Qa4 Rc6 27.Rfe1 a6 28.b5 axb5 29.Qa8 Qd7
30.Qb8 Qd6 31.Qxd6 Rxd6 32.Rb1 Rd5 33.Rb3 Nf7 34.a4 Nd6 35.axb5 Nxb5 36.Bb4 h6
37.Reb1 Ra2 38.Kf2 Nd6 39.Bc3 b5 40.Ke1 Kh7 41.h4 Kg6 42.R3b2 Rxb2 43.Rxb2 Nb7
44.Ra2 Nc5 45.Ke2 Rd7 46.Kd1 Rb7 47.Ra5 Nd3 48.Ra6 b4  0-1

[Event "XIII TCh-RUS"]
[Site "Sochi RUS"]
[Date "2006.04.24"]
[Round "5"]
[White "Roiz,M"]
[Black "Landa,K"]
[Result "1-0"]
[WhiteElo "2590"]
[BlackElo "2600"]

1.Nf3 d5 2.g3 Bg4 3.Bg2 Nd7 4.c4 e6 5.cxd5 exd5 6.O-O Ngf6 7.h3 Bxf3 8.Bxf3 c6
9.d3 Bc5 10.Bg2 O-O 11.e3 Re8 12.Qc2 a5 13.Nd2 Qb6 14.Nf3 Bb4 15.a3 Bd6 16.Bd2 Ne5
17.Nxe5 Bxe5 18.Rab1 h6 19.Kh2 Nd7 20.f4 Bf6 21.e4 dxe4 22.dxe4 Bd4 23.Rfd1 Nf8
24.b4 axb4 25.Bxb4 Qa7 26.Bd6 c5 27.e5 Qa4 28.Qxa4 Rxa4 29.Rxb7 Rc8 30.f5 Nh7
31.Bd5 Kh8 32.Bxf7 Be3 33.Rd3 Bf2 34.Kg2 c4 35.Rc3 Bd4 36.Rxc4 Raxc4 37.Bxc4 Ng5
38.Rb8  1-0

[Event "VII TCh-RUS w"]
[Site "Sochi RUS"]
[Date "2006.04.25"]
[Round "6"]
[White "Kharashuta,E"]
[Black "Meshcheriakova,E"]
[Result "1/2-1/2"]
[WhiteElo "2171"]
[BlackElo "2203"]

1.g3 d5 2.Nf3 Nf6 3.Bg2 c5 4.c4 e6 5.O-O Bd6 6.cxd5 exd5 7.d4 O-O 8.Nc3 Nc6
9.Bg5 Be6 10.dxc5 Bxc5 11.Bxf6 Qxf6 12.Nxd5 Qxb2 13.Nc7 Rad8 14.Qc1 Qxc1
15.Raxc1 b6 16.Nxe6 fxe6 17.e3 Rd6 18.Ng5 Ne5 19.Ne4 Rc6 20.Rc2 Rfc8 21.Ng5 Rd6
22.Bh3 Rcc6 23.Ne4 Rd8 24.Rfc1 Rdc8 25.Kg2 h6 26.Rd1 R8c7 27.Kf1 Kf7 28.Nxc5 Rxc5
29.Rxc5 bxc5 30.f4 Nc4 31.Ke2 Ke7 32.Bg2 Rc8 33.Rb1 Nb6 34.a4 Nxa4 35.Rb7+ Kf6
36.Rxa7 Nb6 37.e4 e5 38.Kd3 Rd8+ 39.Kc3 Rd4 40.Rc7 Rc4+ 41.Kd3 Rd4+ 42.Ke2 Na4
43.Rc6+ Ke7 44.fxe5 Nc3+ 45.Ke3 Nd1+ 46.Kf3 c4 47.Bf1 c3 48.Be2 Kd7 49.Rc5 Ke6
50.Bc4+ Ke7 51.Bb3 Rd3+ 52.Kf4 Nf2 53.e6 Kd6 54.e5+ Kxc5 55.e7 g6 56.e8=Q Nh3+
57.Ke4 Nf2+ 58.Kf4 Nh3+  1/2-1/2

[Event "Master Open"]
[Site "Cutro ITA"]
[Date "2006.04.26"]
[Round "4"]
[White "Wohl,A"]
[Black "Roeder,M"]
[Result "1/2-1/2"]
[WhiteElo "2432"]
[BlackElo "2403"]

1.g3 d5 2.Nf3 c6 3.Bg2 Nf6 4.O-O Bg4 5.a4 a5 6.d3 e6 7.Nbd2 Be7 8.e4 O-O
9.h3 Bh5 10.g4 Bg6 11.Ne5 Nfd7 12.Nxg6 fxg6 13.exd5 exd5 14.Nf3 Na6 15.d4 Nc7
16.Qe2 Bd6 17.Bg5  1/2-1/2

[Event "8th Dubai Open"]
[Site "Dubai UAE"]
[Date "2006.04.26"]
[Round "4"]
[White "Kacheishvili,G"]
[Black "Gagunashvili,M"]
[Result "1-0"]
[WhiteElo "2605"]
[BlackElo "2560"]

1.Nf3 d5 2.g3 c6 3.Bg2 Nf6 4.O-O g6 5.d3 Bg7 6.Nbd2 O-O 7.e4 dxe4 8.dxe4 Bg4
9.h3 Bxf3 10.Qxf3 Nbd7 11.Qe2 e5 12.a4 a5 13.Nb3 Qc7 14.Be3 Rfd8 15.Rfd1 Nf8
16.h4 Ne6 17.Bh3 Re8 18.Qc4 Rad8 19.Rxd8 Qxd8 20.Bd2 Nd4 21.Bxa5 Qa8 22.Bb6 Nxe4
23.Nxd4 exd4 24.Qd3 Nf6 25.Bg2 Ng4 26.a5 Ne5 27.Qb3 Nd7 28.Bc7 Qc8 29.Bf4 Be5
30.Bd2 Qc7 31.Re1 Nf6 32.Qc4 Rd8 33.b4 Ng4 34.Qe2 h5 35.Bf3 d3 36.cxd3 Bd4
37.Bf4 Qd7 38.Bxg4 hxg4 39.Bg5 Qd6 40.Kg2 Bf6 41.Bxf6 Qxf6 42.Qxg4 Kg7 43.Qc4 Rd4
44.Qc3 Rd5 45.Rc1 Rd4 46.Qb2 Rd6 47.Qxf6+ Kxf6 48.Kf1 Rxd3 49.a6 bxa6 50.Rxc6+ Kf5
51.Rxa6 Rb3 52.Rb6 Rb1+ 53.Kg2 Rb2 54.Rb8 Kf6 55.b5 Rb3 56.b6 Kg7 57.g4 Kh7
58.f3 Rb5 59.Kg3 Rb4 60.Kf2 Rb3 61.Ke2 Kg7 62.b7 f5 63.gxf5 gxf5 64.h5 f4
65.h6+ Kh7 66.Kd2  1-0

[Event "Classics GMA"]
[Site "Gausdal NOR"]
[Date "2006.04.26"]
[Round "4"]
[White "Moskow,E"]
[Black "Kveinys,A"]
[Result "0-1"]
[WhiteElo "2268"]
[BlackElo "2532"]

1.Nf3 d5 2.g3 c6 3.Bg2 Bg4 4.c4 e6 5.Qb3 Qb6 6.Qxb6 axb6 7.Ne5 Bh5 8.cxd5 exd5
9.g4 Bg6 10.Nxg6 hxg6 11.d3 Nf6 12.h3 Na6 13.Kd1 Nc5 14.Nd2 Bd6 15.Kc2 Nfd7
16.Nf3 Ne6 17.e3 b5 18.Bd2 Ke7 19.a3 Ra4 20.Bc3 Rha8 21.Rad1 f6 22.Nd4 Nxd4+
23.Bxd4 Be5 24.Bc3 Bxc3 25.Kxc3 g5 26.d4 Rh8 27.e4 dxe4 28.Bxe4 Kd6 29.Bc2 Raa8
30.d5 c5 31.h4 Rxh4 32.Rxh4 gxh4 33.f4 Rh8 34.Re1 h3 35.Re6+ Kxd5 36.f5 Ne5  0-1

[Event "2nd Halkidiki Open"]
[Site "Kalithea GRE"]
[Date "2006.04.26"]
[Round "2"]
[White "Galunov,T"]
[Black "Martsvalashvili,R"]
[Result "1-0"]
[WhiteElo "2307"]
[BlackElo "1939"]

1.Nf3 d5 2.g3 c5 3.Bg2 Nc6 4.d4 cxd4 5.Nxd4 e5 6.Nxc6 bxc6 7.O-O Nf6 8.c4 Be7
9.Nc3 Bb7 10.cxd5 Nxd5 11.Bd2 O-O 12.Rc1 Bb4 13.Ne4 Bxd2 14.Qxd2 Rb8 15.Rfd1 Qb6
16.Nc5 Bc8 17.b3 Be6 18.Qb2 Bg4 19.h3 Be6 20.Qxe5 Rbe8 21.Qd4 Bc8 22.Ne4 Qa6  1-0

[Event "8th Dubai Open"]
[Site "Dubai UAE"]
[Date "2006.04.27"]
[Round "5"]
[White "Jasim,A"]
[Black "Bajarani,U"]
[Result "1-0"]
[WhiteElo "2324"]
[BlackElo "2084"]

1.Nf3 d5 2.g3 c6 3.Bg2 Bg4 4.c4 Bxf3 5.Bxf3 e6 6.O-O Nf6 7.d3 Nbd7 8.cxd5 exd5
9.Bf4 Be7 10.e4 O-O 11.Nc3 Nc5 12.exd5 Nxd5 13.Nxd5 cxd5 14.Re1 Ne6 15.Be5 Bc5
16.Qb3 Nd4 17.Bxd4 Bxd4 18.Qxd5 Qxd5 19.Bxd5 Rad8 20.Bxb7 Bxb2 21.Rab1 Bf6
22.Ba6 Rd7 23.Re4 g6 24.Bc4 Kg7 25.a4 a5 26.Rb5 Bc3 27.Kg2 Rfd8 28.Rc5 Bb4
29.Rc6 Ra7 30.f4 Rad7 31.Kf3 Rd6 32.Rxd6 Rxd6 33.Re5 Kf8 34.Ke4 Rc6 35.Rb5 Rc7
36.Rb8+ Kg7 37.Kd5 Rc5+ 38.Kd4 Rc7 39.Ke4 Re7+ 40.Kd5 Rc7 41.Rb5 Kf6 42.Rb6+ Kg7
43.d4 Rd7+ 44.Ke4 Re7+ 45.Kd3 Rd7 46.d5 Kf8 47.Kd4 Ke7 48.Bb5 Rc7 49.Bc6 Kd6
50.Kc4 Ke7 51.Rxb4 axb4 52.a5 Ra7 53.Kxb4 Kd6 54.Kb5 Kc7 55.a6  1-0

[Event "14th Sigeman & Co"]
[Site "Malmo SWE"]
[Date "2006.04.28"]
[Round "1"]
[White "Cicak,S"]
[Black "Hector,J"]
[Result "1-0"]
[WhiteElo "2506"]
[BlackElo "2514"]

1.Nf3 d5 2.g3 Nc6 3.Bg2 e5 4.d3 f5 5.O-O Nf6 6.c4 dxc4 7.Qa4 Bd6 8.Qxc4 Qe7
9.Bg5 Be6 10.Qb5 O-O 11.Qxb7 Qd7 12.Qb5 Rab8 13.Qa4 Nd4 14.Qd1 Rxb2 15.Nxd4 exd4
16.Bxf6 Rxf6 17.Nd2 Rf8 18.Nc4 Bxc4 19.dxc4 Qe7 20.Qxd4 Rxe2 21.Bf3 Re5 22.Qxa7 f4
23.Qb7 Kh8 24.a4 fxg3 25.fxg3 Ref5 26.Kh1 Bxg3 27.hxg3 Qe5 28.Kg2 Rg5 29.g4 Qf4
30.Qb3 Qd2+ 31.Kh1 Rg6 32.Bg2 Re8 33.Ra2 Qd4 34.Raf2 Rg8 35.c5 h5 36.gxh5 Rg5
37.Qh3 Qxc5 38.Rf5 Rxf5 39.Qxf5 Qe7 40.Be4 Qh4+ 41.Kg2  1-0

[Event "VII TCh-RUS w"]
[Site "Sochi RUS"]
[Date "2006.04.28"]
[Round "9"]
[White "Fominykh,M"]
[Black "Mkrtchian,L"]
[Result "1-0"]
[WhiteElo "2332"]
[BlackElo "2453"]

1.Nf3 d5 2.g3 c6 3.Bg2 Bg4 4.b3 Nd7 5.Bb2 e6 6.O-O h5 7.Nh4 Ngf6 8.f3 Bf5
9.Nc3 Bh7 10.f4 Be7 11.e3 Qc7 12.a4 O-O-O 13.Nf3 Rdg8 14.Ne5 Nxe5 15.fxe5 Ng4
16.Rxf7 Nxe5 17.Nb5 cxb5 18.Rxe7 Qxe7 19.Bxe5 Qg5 20.Bf4 Qf5 21.d4 Kd7 22.Qf1 Qxc2
23.Rc1 Qxb3 24.Rc7+ Kd8 25.Qc1 Qb1 26.Bg5+ Ke8 27.Rc8+ Kd7 28.Rc7+ Ke8 29.Rc8+ Kd7
30.Rc7+ Ke8 31.Re7+ Kf8 32.Qxb1 Bxb1 33.Rxb7 a6 34.Bf1 Be4 35.Bxb5 Bf5 36.Bf4 e5
37.dxe5 g5 38.e6 Rg7 39.Bd6+ Kg8 40.Rxg7+ Kxg7 41.Be5+ Kg6 42.Bxh8 Bxe6 43.Be8+ Kh6
44.Bf6 g4 45.Kf2 Bf5 46.Bf7 Be4 47.Ke2  1-0

[Event "VII TCh-RUS w"]
[Site "Sochi RUS"]
[Date "2006.04.28"]
[Round "9"]
[White "Fominykh,M"]
[Black "Mkrtchian,L"]
[Result "1-0"]
[WhiteElo "2332"]
[BlackElo "2453"]

1.Nf3 d5 2.g3 c6 3.Bg2 Bg4 4.b3 Nd7 5.Bb2 e6 6.O-O h5 7.Nh4 Ngf6 8.f3 Bf5
9.Nc3 Bh7 10.f4 Be7 11.e3 Qc7 12.a4 O-O-O 13.Nf3 Rdg8 14.Ne5 Nxe5 15.fxe5 Ng4
16.Rxf7 Nxe5 17.Nb5 cxb5 18.Rxe7 Qxe7 19.Bxe5 Qg5 20.Bf4 Qf5 21.d4 Kd7 22.Qf1 Qxc2
23.Rc1 Qxb3 24.Rc7+ Kd8 25.Qc1 Qb1 26.Bg5+ Ke8 27.Rc8+ Kd7 28.Rc7+ Ke8 29.Rc8+ Kd7
30.Rc7+ Ke8 31.Re7+ Kf8 32.Qxb1 Bxb1 33.Rxb7 a6 34.axb5 axb5 35.Bf1 Be4 36.Bxb5 Bf5
37.Bf4 e5 38.dxe5 g5 39.e6 Rg7 40.Bd6+ Kg8 41.Rxg7+ Kxg7 42.Be5+ Kg6 43.Bxh8 Bxe6
44.Be8+ Kh6 45.Bf6 g4 46.Kf2 Bf5 47.Bf7 Be4 48.Ke2  1-0

[Event "XIII TCh-RUS"]
[Site "Sochi RUS"]
[Date "2006.04.28"]
[Round "9"]
[White "Roiz,M"]
[Black "Galkin,A"]
[Result "1/2-1/2"]
[WhiteElo "2590"]
[BlackElo "2618"]

1.Nf3 d5 2.g3 g6 3.Bg2 Bg7 4.O-O Nf6 5.c4 c6 6.Qb3 O-O 7.d4 dxc4 8.Qxc4 Bf5
9.Nc3 Nbd7 10.e3 Ne4 11.Qe2 Nxc3 12.bxc3 e5 13.Rd1 Qc7 14.e4 Bg4 15.Be3 Rfe8
16.h3 Bxf3 17.Bxf3 Rad8 18.Qc2 b5 19.dxe5  1/2-1/2

[Event "VII TCh-RUS w"]
[Site "Sochi RUS"]
[Date "2006.04.29"]
[Round "10"]
[White "Fominykh,M"]
[Black "Korbut,E"]
[Result "0-1"]
[WhiteElo "2332"]
[BlackElo "2442"]

1.Nf3 d5 2.g3 Bg4 3.Bg2 Nd7 4.c4 e6 5.d3 Ngf6 6.O-O Bc5 7.d4 Bd6 8.b3 c6
9.Ba3 Bxa3 10.Nxa3 Bxf3 11.Bxf3 Qe7 12.Qc1 O-O 13.Qb2 Ne4 14.Rac1 f5 15.e3 g5
16.Bg2 g4 17.f3 gxf3 18.Rxf3 Qg5 19.b4 Ndf6 20.b5 Qh6 21.bxc6 bxc6 22.cxd5 cxd5
23.Rc6 Ng4 24.h3 Nxe3 25.Qc1 f4 26.gxf4 Nxg2 27.Kxg2 Kh8 28.Kh2 Rg8 29.Nc2 Qg7
30.Ne3 Qxd4 31.Rxe6 Rac8 32.Nf5 Rc2+  0-1

[Event "Classics GMB"]
[Site "Gausdal NOR"]
[Date "2006.04.30"]
[Round "8"]
[White "Ivanov,MM"]
[Black "Hole,O"]
[Result "1-0"]
[WhiteElo "2443"]
[BlackElo "2346"]

1.Nf3 d5 2.g3 Nf6 3.Bg2 c6 4.O-O Bf5 5.d3 h6 6.Nc3 e6 7.Nd2 Bh7 8.e4 dxe4
9.dxe4 Nbd7 10.Qe2 Qc7 11.a4 a5 12.Nc4 e5 13.f4 Bc5+ 14.Kh1 Bd4 15.Nd1 b5
16.axb5 cxb5 17.Na3 b4 18.Nb5 Qb6 19.Nxd4 Qxd4 20.c3 Qb6 21.cxb4 Qxb4 22.Bd2 Qb6
23.Bc3 O-O 24.fxe5 Ne8 25.Ne3 Qe6 26.Qc4 Qxc4 27.Nxc4 Nc7 28.Rxa5 Rxa5 29.Bxa5 Ne6
30.Bc3 Ndc5 31.Nd6 Ng5 32.Re1 Rb8 33.h4 Nge6 34.Bf1 Na4 35.Bc4 Rb6 36.Bxe6 fxe6
37.Ra1 Ra6 38.b3 Nc5 39.Rxa6 Nxa6 40.b4 Kf8 41.Kg2 Ke7 42.Kf3 Bg6 43.b5 Nc5
44.Bd4 Nb3 45.Ba7 Kd7 46.g4 Na5 47.h5 Bh7 48.Bb6 Nb3 49.Ke3 Nc1 50.Kd2  1-0

[Event "XI Ivan Cvitanovic mem"]
[Site "Split CRO"]
[Date "2006.04.30"]
[Round "2"]
[White "Plenkovic,Z"]
[Black "Dizdarevic,E"]
[Result "0-1"]
[WhiteElo "2278"]
[BlackElo "2492"]

1.Nf3 d5 2.g3 Nd7 3.c4 dxc4 4.Bg2 e6 5.Qa4 a6 6.Qxc4 b5 7.Qc2 Bb7 8.O-O Ngf6
9.d3 Bd6 10.Nc3 O-O 11.a4 Qb8 12.e4 c5 13.Bg5 Bc6 14.Rfd1 Qb7 15.Bxf6 Nxf6
16.d4 cxd4 17.Nxd4 Be5 18.Nxc6 Qxc6 19.axb5 axb5 20.Rxa8 Rxa8 21.Qb3 Rb8
22.h3 g5 23.Qb4 Kg7 24.Kh2 Qb6 25.Rf1 Qd4 26.Qa5 Qc4 27.f4 gxf4 28.gxf4 Qc7
29.Qxc7 Bxc7 30.Kg3 Nh5+ 31.Kg4 Kh6 32.Ne2 Rg8+ 33.Kf3 Bxf4 34.Ra1 Be5 35.Ra5 Rb8
36.b3 Kg6 37.Bf1 Bc7 38.Ra7 Rc8 39.Rb7 Nf6 40.Rxb5 Nd7 41.Rb7 Ne5+ 42.Ke3 Bd6
43.Nf4+ Kf6 44.Nd3 Nxd3 45.Kxd3 Be5 46.b4 Rc3+ 47.Kd2 Rf3 48.Ke2 Rb3 49.b5 Bd4
50.Kd2 Rf3 51.Bd3 Rxh3 52.Rd7 Be3+ 53.Kc3 h5 54.Bf1 Rh1 55.e5+ Kg7 56.Bc4 Kf8
57.Kd3 Rd1+  0-1

[Event "Open A"]
[Site "Djakovo CRO"]
[Date "2006.05.01"]
[Round "2"]
[White "Stevic,H"]
[Black "Kovacevic,B"]
[Result "1/2-1/2"]
[WhiteElo "2502"]
[BlackElo "2468"]

1.Nf3 d5 2.g3 Bg4 3.Bg2 c6 4.O-O Nd7 5.d3 Ngf6 6.c4 Bxf3 7.exf3 e6 8.f4 g6
9.Nc3 Bg7 10.Be3 O-O  1/2-1/2

[Event "14th Sigeman & Co"]
[Site "Malmo SWE"]
[Date "2006.05.01"]
[Round "4"]
[White "Hillarp Persson,T"]
[Black "Khenkin,I"]
[Result "1-0"]
[WhiteElo "2524"]
[BlackElo "2602"]

1.Nf3 d5 2.g3 g6 3.Bg2 Bg7 4.O-O e5 5.d3 Nc6 6.Nbd2 Nge7 7.c4 O-O 8.Rb1 a5
9.b3 h6 10.a3 Be6 11.cxd5 Bxd5 12.Bb2 Re8 13.Re1 Nc8 14.e4 Be6 15.Nc4 a4
16.b4 Nd6 17.Rc1 Nb5 18.h4 Ncd4 19.Nxd4 Nxd4 20.Na5 b6 21.Nc6 Nxc6 22.Rxc6 Bd7
23.Rc2 h5 24.Bc1 Bb5 25.Bf1 Re6 26.d4 Bxf1 27.d5 Rd6 28.Kxf1 Qd7 29.Be3 f5
30.exf5 gxf5 31.Qxh5 f4 32.gxf4 exf4 33.Bxf4 Rxd5 34.Qg6 Qh3+ 35.Kg1 Qxh4
36.Qe6+ Kh8 37.Qxd5 Qxf4 38.Qxa8+  1-0

[Event "RC SPORT Open"]
[Site "Usti nad Orlici CZE"]
[Date "2006.05.01"]
[Round "4"]
[White "Ganaus,H"]
[Black "Mlynek,P"]
[Result "1-0"]
[WhiteElo "2309"]
[BlackElo "2256"]

1.Nf3 d5 2.g3 c6 3.Bg2 Nf6 4.O-O Bf5 5.d3 e6 6.Nc3 Bc5 7.Qe1 O-O 8.e4 Bg6
9.h3 Na6 10.a3 b5 11.Ne5 Rc8 12.Kh2 b4 13.Na4 Be7 14.axb4 Nxb4 15.Qe2 c5
16.Nc3 d4 17.Nb1 Qb6 18.Na3 Qb7 19.c3 Nc6 20.Nxc6 Rxc6 21.e5 Nd5 22.c4 Nb4
23.Rd1 f6 24.Bf4 Qb6 25.Bxc6 Qxc6 26.Nc2 Nxc2 27.Qxc2 fxe5 28.Bxe5 Qf3 29.Rxa7 Rf5
30.Re1 Rxe5 31.Rxe5 Bxd3 32.Ra8+ Bf8 33.Qd2 Be4 34.Rxe4 Qxe4 35.Ra3 e5 36.Rd3 Qf5
37.f3 Be7 38.Qe2 Bg5 39.Qe4 Qxe4 40.fxe4 Kf7 41.Kg2 Bc1 42.Rb3 Bd2 43.Rb6 Bb4
44.Kf3 d3 45.Rxb4 cxb4 46.Ke3 Ke6 47.c5  1-0

[Event "WSB Masters"]
[Site "Wroclaw POL"]
[Date "2006.05.02"]
[Round "10"]
[White "Lubczynski,R"]
[Black "Fatianova,T"]
[Result "1-0"]
[WhiteElo "2319"]
[BlackElo "2237"]

1.Nf3 d5 2.g3 c6 3.Bg2 Nd7 4.d4 f5 5.c4 e6 6.O-O Ngf6 7.Ng5 Nb8 8.f3 h6 9.Nh3 c5
10.Nf4 Kf7 11.e4 g5 12.Ne2 dxc4 13.d5 Kg7 14.Nbc3 Na6 15.Be3 Nb4 16.Qd2 Nd3
17.b3 exd5 18.exd5 Bd6 19.Nb5 Be5 20.Rad1 Nxd5 21.bxc4 Nb2 22.Qxd5 Nxd1 23.Qxe5+ Kf7
24.Nd6+  1-0

[Event "4th TCh-SCG"]
[Site "Vrnjacka Banja SCG"]
[Date "2006.05.03"]
[Round "3"]
[White "Stajic,P"]
[Black "Vukic,R"]
[Result "0-1"]
[WhiteElo "2199"]
[BlackElo "2269"]

1.Nf3 d5 2.g3 c6 3.b3 Bg4 4.Bg2 Nd7 5.Bb2 Ngf6 6.d3 e6 7.Nbd2 Bd6 8.O-O O-O
9.c4 h6 10.Qc2 Qe7 11.e4 dxe4 12.dxe4 e5 13.h3 Bxf3 14.Bxf3 a5 15.Rfd1 Bc5
16.Nf1 Rfe8 17.Rd3 Nf8 18.Ne3 g6 19.h4 h5 20.Rad1 Ba3 21.Bc3 N6d7 22.Qe2 Nc5
23.R3d2 Bb4 24.Rc2 Bxc3 25.Rxc3 Nfe6 26.Nc2 Red8 27.Ne1 Rxd1 28.Qxd1 Rd8
29.Qe2 Qd6 30.Rc1 Kg7 31.Kg2 Nd4 32.Qe3 b6 33.Nc2 Nce6 34.Ne1 Qa3 35.Nd3 f6
36.g4 Nxf3 37.Qxf3 Rxd3  0-1

[Event "4th TCh-SCG"]
[Site "Vrnjacka Banja SCG"]
[Date "2006.05.04"]
[Round "4"]
[White "Stajic,P"]
[Black "Tadic,B"]
[Result "1/2-1/2"]
[WhiteElo "2199"]
[BlackElo "2501"]

1.Nf3 d5 2.g3 c6 3.b3 Bg4 4.Bg2 Nd7 5.Bb2 Ngf6 6.d3 e6 7.Nbd2 a5 8.a3 Bc5
9.O-O O-O 10.c4 Qe7 11.Qc2 e5 12.e4 dxe4 13.dxe4 Rfd8 14.Bc3 Bxf3 15.Nxf3 Bxa3
16.Nxe5 Nxe5 17.Bxe5 Qxe5 18.Rxa3 Rd4 19.Re1 Rad8 20.Qc3 b6 21.c5 Qe7 22.Ra2 Rd3
23.Qc2 h5 24.cxb6 Qb4 25.Rc1 Rd2 26.Qb1 Qxb6 27.Rf1 Ng4 28.Rxd2 Rxd2 29.Qe1 Rc2
30.e5 Qb4 31.e6 Qxe1 32.Rxe1 fxe6 33.Rxe6 Rc1+ 34.Bf1 Kf7 35.Re4 Nxh2 36.Kxh2 Rxf1
37.Kg2 Rb1 38.Rc4 Rxb3 39.Rxc6 Rb5 40.Ra6 g5 41.f4 g4 42.Kf2 Kg7 43.Kg2 Rb2+
44.Kg1 Ra2 45.Kf1 a4 46.Kg1 a3 47.Kh1 Kf7 48.Kg1 Ke7 49.Ra5 Kf6 50.Kh1 Ke6
51.Kg1 Kd6 52.f5 Ke7 53.Ra6 Kf7 54.Kf1 Ra1+ 55.Kg2 Ke7 56.Kf2 a2 57.Kg2 Kf7
58.f6 Kg6 59.Kh2 Re1 60.Rxa2 Kxf6 61.Rf2+ Ke5 62.Rf8 Re2+ 63.Kg1 Ke4 64.Rf7 Rd2
65.Rf8 Rd5 66.Kg2 Rf5 67.Re8+ Re5 68.Rd8 Ke3 69.Rd7 Ke2  1/2-1/2

[Event "4th TCh-SCG"]
[Site "Vrnjacka Banja SCG"]
[Date "2006.05.05"]
[Round "5"]
[White "Arsovic,Z"]
[Black "Dobrijevic,M"]
[Result "1-0"]
[WhiteElo "2416"]
[BlackElo "2188"]

1.Nf3 d5 2.g3 g6 3.c4 e6 4.Bg2 Bg7 5.O-O Ne7 6.d4 O-O 7.Nc3 Nbc6 8.cxd5 exd5
9.e3 Bf5 10.b3 Qd7 11.Ba3 Rfe8 12.Rc1 Bf6 13.Ne1 b6 14.Qf3 Bg5 15.Bxe7 Nxe7
16.Nxd5 Nxd5 17.Qxd5 Qxd5 18.Bxd5 Rad8 19.Nf3 Bxe3 20.Bxf7+ Kxf7 21.fxe3 Rxe3
22.Kf2 Re7 23.Ne5+ Ke6 24.Nc6 Red7 25.Nxd8+ Rxd8 26.Rc2 Rxd4 27.Re1+  1-0

[Event "4th TCh-SCG"]
[Site "Vrnjacka Banja SCG"]
[Date "2006.05.05"]
[Round "5"]
[White "Vulinovic,R"]
[Black "Colovic,D"]
[Result "1-0"]
[WhiteElo "2225"]
[BlackElo "2369"]

1.Nf3 d5 2.g3 Bg4 3.Bg2 c6 4.O-O e6 5.d4 Nd7 6.Nbd2 f5 7.c4 Bd6 8.Qc2 Ngf6
9.Re1 O-O 10.b3 Ne4 11.Bb2 Qf6 12.e3 g5 13.a4 Rf7 14.Ra2 Rg7 15.Nf1 Bxf3
16.Bxf3 g4 17.Bg2 h5 18.Ba3 Bc7 19.b4 h4 20.cxd5 exd5 21.b5 Ba5 22.Rc1 cxb5
23.Qb3 b4 24.Qxd5+ Qf7 25.Qxf7+ Rxf7 26.Bb2 h3 27.Bxe4 fxe4 28.Nd2 Nf6 29.Rc5 Bb6
30.Rg5+ Kh7 31.a5 Bc7 32.d5 Rg8 33.Rxg8 Kxg8 34.Bxf6 Rxf6 35.Nxe4 Ra6 36.Nc5 Rxa5
37.Rxa5 Bxa5 38.Kf1 Bc7 39.Ke2 b6 40.Nb7 b3 41.Kd3 b2 42.Kc2 Kf7 43.d6 Bxd6
44.Nxd6+ Ke6 45.Nc4 Kd5 46.Nd2 a5 47.Kxb2 b5 48.Kc3 Ke5 49.f4+ gxf3 50.Nxf3+ Ke4
51.Ng5+ Kxe3 52.Nxh3 b4+ 53.Kb3 Kd4 54.Nf4 Kc5 55.Nd3+ Kd4 56.Nxb4  1-0

[Event "President's Cup"]
[Site "Baku AZE"]
[Date "2006.05.06"]
[Round "3"]
[White "Ibrahimov,R"]
[Black "Abdulov,Or"]
[Result "1-0"]
[WhiteElo "2532"]
[BlackElo "2231"]

1.Nf3 d5 2.g3 Nf6 3.Bg2 c6 4.c4 dxc4 5.O-O Bf5 6.Na3 b5 7.b3 cxb3 8.Qxb3 e6
9.d3 Be7 10.Ne5 Qd6 11.Bb2 a6 12.e4 Ng4 13.d4 f6 14.exf5 fxe5 15.dxe5 Nxe5
16.Rad1 Qb4 17.Qxb4 Bxb4 18.Nc2 Nc4 19.Bxg7 Rg8 20.Nxb4 Rxg7 21.Nxc6 Nd7
22.fxe6 Ndb6 23.e7 Rg8 24.Rd8+ Kf7 25.Re1 Re8  1-0

[Event "FSIMB May"]
[Site "Budapest HUN"]
[Date "2006.05.06"]
[Round "1"]
[White "Ignacz,M"]
[Black "Mihok,O"]
[Result "1-0"]
[WhiteElo "2228"]
[BlackElo "2215"]

1.Nf3 d5 2.g3 Nf6 3.Bg2 c6 4.O-O Bf5 5.d3 Nbd7 6.Nbd2 e5 7.e4 dxe4 8.dxe4 Bg6
9.Qe2 Bc5 10.h3 O-O 11.Nh4 Re8 12.c3 Bf8 13.Rd1 Qc7 14.Nc4 b5 15.Nxg6 hxg6
16.Ne3 Nc5 17.Ng4 Nfd7 18.Ne3 Nf6 19.Nc2 Rad8 20.Bg5 Rxd1+ 21.Rxd1 Nfd7 22.h4 Ne6
23.Bc1 Ndc5 24.Bh3 a5 25.Qf3 Qe7 26.Kg2 Rd8 27.Rh1 Nd3 28.Bxe6 Nxc1 29.Bxf7+ Qxf7
30.Rxc1 Qxa2 31.h5 Qf7 32.hxg6 Qxf3+ 33.Kxf3 Rd6 34.Ke2 Rxg6 35.Rd1 Rd6 36.Ra1 a4
37.Ne3 Kf7 38.f4 Rh6 39.Ng4 Rh3 40.Nxe5+ Ke6 41.Kf3 Rh2 42.Nd3 c5 43.c4 bxc4
44.Nf2 Be7 45.Rxa4 Rh8 46.Rxc4 Rb8 47.Nd3 Rb5 48.Ra4 Rb3 49.Ke2 Rb6 50.Rc4 Rb5
51.Kd2 Bf8 52.Ra4 Rb6 53.Kc3 Kd7 54.Ne5+ Ke6 55.Ra7 g5 56.Nc4 Rb8 57.f5+ Kf6
58.g4 Be7 59.e5+ Kf7 60.f6  1-0

[Event "4th TCh-SCG"]
[Site "Vrnjacka Banja SCG"]
[Date "2006.05.06"]
[Round "6"]
[White "Vulinovic,R"]
[Black "Raicevic,M"]
[Result "1/2-1/2"]
[WhiteElo "2225"]
[BlackElo "2348"]

1.Nf3 d5 2.g3 Nf6 3.Bg2 e6 4.O-O Be7 5.d4 O-O 6.b3 a5 7.c4 a4 8.Bb2 Nbd7
9.Nbd2 c6 10.Qc2 a3 11.Bc3 b6 12.e4 Bb7 13.e5 Ne8 14.Ne1 Nc7 15.Nd3 c5 16.h4 cxd4
17.Bxd4 Nc5 18.Bxc5 bxc5 19.cxd5 Bxd5 20.Nc4 Nb5 21.Nf4 Nd4 22.Qd3 Bxg2 23.Kxg2 Qc7
24.Ne2 Qb7+ 25.f3 Nf5 26.Rfd1 Rfd8 27.Qe4 Qxe4 28.fxe4 Nd4 29.Nxd4 cxd4 30.Rd3 Bb4
31.Kf3 Kf8 32.Ke2 Ke7 33.Rf1 Ra7 34.Rdf3 Ke8 35.Kd3 Kf8 36.h5 Kg8 37.g4 h6
38.Rg3 Be7 39.Rgf3 Bg5 40.R1f2 Rc7 41.Rc2 Ra7 42.Rf1 Be7 43.Rg1 Rc7 44.Rb1 f6
45.b4 Rb7 46.b5 Rdb8 47.Nd6 Rb6 48.Rc8+ Bd8 49.Rxb8 Rxb8 50.Nc4 fxe5 51.Nxe5 Bc7
52.Nc6 Rf8 53.Nxd4 Rf2 54.b6 Bd6 55.b7 Rxa2 56.b8=Q+ Bxb8 57.Rxb8+ Kf7 58.Nc2 Kf6
59.Rb5 Rb2 60.Ra5 Rb3+ 61.Kd4 a2 62.Rxa2 e5+ 63.Kc4 Rg3 64.Ra6+ Kg5 65.Rg6+ Kf4
66.Rxg7 Kxe4 67.Rg6 Kf4 68.Rxh6 Rxg4 69.Kd5 Kg5 70.Rh8 Rh4 71.Kxe5 Rxh5 72.Rg8+ Kh6+
73.Kf6 Kh7 74.Rg7+ Kh8 75.Rg4 Rh6+ 76.Kf7 Rh7+ 77.Kf8 Rh2 78.Ne3 Rf2+ 79.Ke7 Kh7
80.Ke6 Kh6 81.Nf5+ Kh5 82.Rg1 Rd2  1/2-1/2